[Event "BCF-ch Atkins op"]
[Site "Coventry"]
[Date "2015.08.02"]
[Round "4"]
[White "Walker, Samuel"]
[Black "Forman, Karl"]
[Result "1-0"]
[WhiteElo "1960"]
[BlackElo "2021"]
[PlyCount "125"]
[EventDate "2015.07.31"]
[EventType "swiss"]
[EventRounds "5"]
[EventCountry "ENG"]
[SourceTitle "CBM 167 Extra"]
[Source "ChessBase"]
[SourceDate "2015.09.14"]
[SourceVersion "1"]
[SourceVersionDate "2015.09.14"]
[SourceQuality "1"]

1. c4 f5 2. g3 Nf6 3. Bg2 g6 4. b4 Bg7 5. Bb2 0-0 6. Nf3 d6 7. Qb3 e5 8. c5+ Kh8 9. d3 Qe7 10. cxd6 cxd6 11. 0-0 Be6 12. Qa3 Na6 13. Nc3 Nc7 14. b5 a6 15. b6 Nb5 16. Nxb5 axb5 17. Qb4 Qd7 18. Rfc1 Nd5 19. Qd2 Nxb6 20. Ng5 Bd5 21. e4 fxe4 22. Nxe4 Bxe4 23. Bxe4 d5 24. Bg2 Rac8 25. Qe3 d4 26. Qe4 Qf7 27. f4 Rxc1+ 28. Bxc1 exf4 29. Bxf4 g5 30. Bxg5 Qf2+ 31. Kh1 Qb2 32. Rg1 Qxa2 33. Qxb7 Na4 34. Qxb5 Nc3 35. Qd7 Ne2 36. Re1 h6 37. Qe7 Qa5 38. Qxe2 Qxg5 39. Be4 Rd8 40. Kg2 Rf8 41. h4 Qf6 42. Rb1 Qf7 43. Rb7 Qf6 44. Rc7 Qe5 45. Rc6 Qe7 46. Qh5 Qf7 47. Rxh6+ Bxh6 48. Qxh6+ Kg8 49. Qg5+ Qg7 50. Qd5+ Qf7 51. g4 Qxd5 52. Bxd5+ Kg7 53. Kg3 Rf1 54. g5 Re1 55. Be4 Re3+ 56. Kf4 Rh3 57. Kg4 Re3 58. h5 Kh8 59. h6 Kg8 60. Kf4 Kh8 61. g6 Rh3 62. g7+ Kg8 63. Bd5+ 1-0

[Event "BCF-ch Atkins op"]
[Site "Coventry"]
[Date "2015.08.01"]
[Round "2"]
[White "Snook Lumb, Chris"]
[Black "Forman, Karl"]
[Result "1-0"]
[WhiteElo "1664"]
[BlackElo "2021"]
[PlyCount "113"]
[EventDate "2015.07.31"]
[EventType "swiss"]
[EventRounds "5"]
[EventCountry "ENG"]
[SourceTitle "CBM 167 Extra"]
[Source "ChessBase"]
[SourceDate "2015.09.14"]
[SourceVersion "1"]
[SourceVersionDate "2015.09.14"]
[SourceQuality "1"]

1. c4 f5 2. g3 Nf6 3. Bg2 g6 4. Nc3 Bg7 5. Nf3 d6 6. d4 0-0 7. 0-0 c6 8. Ng5 e5 9. d5 h6 10. Nf3 Kh7 11. Qc2 Na6 12. e4 Nb4 13. Qb1 fxe4 14. Nh4 cxd5 15. cxd5 Nfxd5 16. Nxd5 Nxd5 17. Qxe4 Ne7 18. Qd3 d5 19. Rd1 Be6 20. Qb1 Qb6 21. Be3 d4 22. Bd2 Rf6 23. Be4 Raf8 24. Be1 Nf5 25. Nf3 Ne3 26. Nxe5 Nxd1 27. Nxg6 Rxg6 28. Bxg6+ Kh8 29. Qxd1 Bd5 30. Bc2 Rf3 31. Qe2 Qe6 32. Qxe6 Bxe6 33. Be4 Rf7 34. b3 Be5 35. Kg2 Kg7 36. Rd1 Rd7 37. h3 Kf6 38. f4 Bb8 39. Bf2 Bf5 40. Bxf5 Kxf5 41. Rxd4 Re7 42. Kf3 Bc7 43. g4+ Kg6 44. Bh4 Rf7 45. Re4 Rd7 46. Re6+ Kf7 47. Rxh6 Rd3+ 48. Ke4 Rc3 49. f5 Kg7 50. Re6 Kf7 51. Bg5 b5 52. h4 Bb6 53. Re7+ Kf8 54. f6 Kg8 55. f7+ Kf8 56. Bh6+ Kxe7 57. f8Q+ 1-0

[Event "BCF-chT4 0607 (4NCL)"]
[Site "Sunningdale"]
[Date "2007.05.27"]
[Round "10.34"]
[White "Forman, Karl"]
[Black "Ynojosa Aponte, Felix Jose"]
[Result "1/2-1/2"]
[WhiteElo "2039"]
[BlackElo "2100"]
[PlyCount "92"]
[EventDate "2006.09.16"]
[EventType "team-tourn"]
[EventRounds "11"]
[EventCountry "ENG"]
[SourceTitle "EXT 2008"]
[Source "ChessBase"]
[SourceDate "2007.11.25"]
[SourceVersion "1"]
[SourceVersionDate "2007.11.25"]
[SourceQuality "1"]
[WhiteTeam "Coventry"]
[BlackTeam "Conquistadors"]
[WhiteTeamCountry "ENG"]
[BlackTeamCountry "ENG"]

1. e4 c5 2. d4 cxd4 3. c3 d3 4. Bxd3 Nc6 5. f4 Nf6 6. Nf3 d5 7. e5 Nd7 8. 0-0 e6 9. b4 b5 10. Be3 a6 11. a4 bxa4 12. Qxa4 Bb7 13. Nbd2 Be7 14. b5 axb5 15. Qxb5 Rxa1 16. Rxa1 Qc7 17. c4 dxc4 18. Nxc4 0-0 19. Be4 f5 20. exf6 Nxf6 21. Bxc6 Bxc6 22. Qe5 Qxe5 23. Ncxe5 Bd5 24. Ra7 Bd6 25. Ng5 Bxe5 26. fxe5 Ng4 27. Bc5 Rc8 28. h3 Rxc5 29. hxg4 h6 30. Nh3 Rc1+ 31. Kh2 Rc2 32. Nf4 g5 33. Nxd5 exd5 34. Rd7 Rd2 35. Kg3 d4 36. Kf3 d3 37. Ke4 Rxg2 38. Kf5 d2 39. e6 Kf8 40. Kg6 Ke8 41. Kf6 Rf2+ 42. Kg6 Rh2 43. Kf6 Re2 44. Kf5 Rf2+ 45. Kg6 Rh2 46. Kf6 Rf2+ 1/2-1/2

[Event "BCF-chT4 0607 (4NCL)"]
[Site "Sunningdale"]
[Date "2006.09.24"]
[Round "2.2"]
[White "Forman, Karl"]
[Black "Armstrong, William G"]
[Result "1-0"]
[WhiteElo "2029"]
[BlackElo "1955"]
[PlyCount "87"]
[EventDate "2006.09.16"]
[EventType "team-tourn"]
[EventRounds "11"]
[EventCountry "ENG"]
[SourceTitle "CBM 115 Extra"]
[Source "ChessBase"]
[SourceDate "2007.01.10"]
[SourceVersion "1"]
[SourceVersionDate "2007.01.10"]
[SourceQuality "1"]
[WhiteTeam "Coventry"]
[BlackTeam "Braille Chess Association"]
[WhiteTeamCountry "ENG"]
[BlackTeamCountry "ENG"]

1. e4 c5 2. d4 cxd4 3. c3 dxc3 4. Nxc3 d6 5. Nf3 Nc6 6. Bc4 e6 7. 0-0 Be7 8. Qe2 a6 9. Rd1 Qc7 10. Be3 b5 11. Bb3 Na5 12. Rac1 Qb8 13. h3 Nxb3 14. axb3 Nf6 15. Bg5 Bb7 16. e5 Bxf3 17. Qxf3 dxe5 18. Qc6+ Kf8 19. Ne4 h6 20. Bh4 g5 21. Bg3 Nxe4 22. Qxe4 Bf6 23. Rd7 Ra7 24. Rxa7 Qxa7 25. Bxe5 Qe7 26. Rc6 Kg7 27. Rxa6 Rd8 28. Ra1 Rd5 29. Bc3 Rf5 30. b4 Qc7 31. Rc1 Qa7 32. Bxf6+ Kxf6 33. Rc5 Rxc5 34. Qd4+ e5 35. Qd6+ Kf5 36. bxc5 Qa1+ 37. Kh2 Qxb2 38. Qd7+ Ke4 39. f3+ Ke3 40. c6 e4 41. Qf5 Qc1 42. Qxe4+ Kf2 43. Qd4+ Ke1 44. Qg1+ 1-0

[Event "BCF-chT3 0506 (4NCL)"]
[Site "Birmingham"]
[Date "2005.10.23"]
[Round "2.4"]
[White "Kemp, Paul Michael"]
[Black "Forman, Karl"]
[Result "1/2-1/2"]
[WhiteElo "2125"]
[BlackElo "2026"]
[PlyCount "73"]
[EventDate "2005.10.22"]
[EventType "team-tourn"]
[EventRounds "11"]
[EventCountry "ENG"]
[SourceTitle "EXT 2007"]
[Source "ChessBase"]
[SourceDate "2006.11.23"]
[SourceVersion "1"]
[SourceVersionDate "2006.11.23"]
[SourceQuality "1"]
[WhiteTeam "Poisoned Pawns II"]
[BlackTeam "Hilsmark Coventry"]
[WhiteTeamCountry "ENG"]
[BlackTeamCountry "ENG"]

1. e4 Nf6 2. Nc3 d5 3. e5 d4 4. exf6 dxc3 5. fxg7 cxd2+ 6. Bxd2 Bxg7 7. Qf3 Nc6 8. 0-0-0 Qd6 9. Bc3 Qh6+ 10. Kb1 Bxc3 11. Qxc3 Rg8 12. Nf3 Bd7 13. g3 0-0-0 14. h4 Bg4 15. Bg2 Qh5 16. Rxd8+ Rxd8 17. Ng5 h6 18. Ne4 Bf5 19. b3 Nd4 20. Qc5 Qe2 21. Qe5 Qxc2+ 22. Ka1 e6 23. Re1 Bxe4 24. Qxe4 Qc3+ 25. Kb1 Nc6 26. Rc1 Qd2 27. Rc2 Qd1+ 28. Rc1 Qd4 29. Qf3 f6 30. Rc4 Qd1+ 31. Qxd1 Rxd1+ 32. Kc2 Rd6 33. Rg4 Nd4+ 34. Kc3 Nb5+ 35. Kc2 Nd4+ 36. Kc3 Nb5+ 37. Kc2 1/2-1/2

[Event "BCF-chT4a 0405 (4NCL)"]
[Site "Telford"]
[Date "2005.04.16"]
[Round "7.5"]
[White "Forman, Karl"]
[Black "Cork, David J"]
[Result "1/2-1/2"]
[WhiteElo "2025"]
[BlackElo "1885"]
[PlyCount "106"]
[EventDate "2004.11.06"]
[EventType "team-tourn"]
[EventRounds "11"]
[EventCountry "ENG"]
[SourceTitle "EXT 2006"]
[Source "ChessBase"]
[SourceDate "2005.11.24"]
[SourceVersion "1"]
[SourceVersionDate "2005.11.24"]
[SourceQuality "1"]
[WhiteTeam "Hilsmark Kingfisher"]
[BlackTeam "Conquistadors"]
[WhiteTeamCountry "ENG"]
[BlackTeamCountry "ENG"]

1. e4 c5 2. d4 cxd4 3. c3 d3 4. Bxd3 Nc6 5. f4 e5 6. Nf3 d5 7. exd5 Qxd5 8. 0-0 Bc5+ 9. Kh1 Nf6 10. c4 Qd8 11. Nc3 0-0 12. fxe5 Ng4 13. Ne4 Be3 14. Qe2 Bxc1 15. Raxc1 Ncxe5 16. Nxe5 Nxe5 17. Bb1 Bg4 18. Qe3 Qe7 19. c5 Be6 20. Ng5 Ng6 21. Rfe1 Rfe8 22. Qg3 Qf6 23. Nxe6 Rxe6 24. Rxe6 Qxe6 25. Re1 Qc6 26. b4 a5 27. a3 axb4 28. axb4 Qb5 29. Bxg6 hxg6 30. Qc3 Qc6 31. h3 Ra2 32. Qg3 Ra8 33. Kg1 Qb5 34. Qc3 Rd8 35. Rb1 Qe2 36. Qg3 Qc2 37. Re1 Qc4 38. Qc7 Qd4+ 39. Kh1 Qd2 40. Rf1 Rd7 41. Qc8+ Kh7 42. Qe8 Qd5 43. Re1 Qf5 44. Kg1 g5 45. Qe4 Kg6 46. g4 Qxe4 47. Rxe4 Kf6 48. Kf2 Rd3 49. Kg2 Rb3 50. Kh2 Rb2+ 51. Kg3 Rb3+ 52. Kg2 Rb2+ 53. Kf3 Rb3+ 1/2-1/2

[Event "BCF-chT4a 0405 (4NCL)"]
[Site "Telford"]
[Date "2005.01.16"]
[Round "4.5"]
[White "Makepeace, Philip"]
[Black "Forman, Karl"]
[Result "1-0"]
[WhiteElo "2015"]
[BlackElo "2025"]
[PlyCount "107"]
[EventDate "2004.11.06"]
[EventType "team-tourn"]
[EventRounds "11"]
[EventCountry "ENG"]
[SourceTitle "EXT 2006"]
[Source "ChessBase"]
[SourceDate "2005.11.24"]
[SourceVersion "1"]
[SourceVersionDate "2005.11.24"]
[SourceQuality "1"]
[WhiteTeam "Slough Sharks IV"]
[BlackTeam "Hilsmark Kingfisher"]
[WhiteTeamCountry "ENG"]
[BlackTeamCountry "ENG"]

1. e4 Nf6 2. Nc3 d5 3. e5 d4 4. exf6 dxc3 5. fxg7 cxd2+ 6. Bxd2 Bxg7 7. c3 Qd5 8. Nf3 Nc6 9. Qa4 Bd7 10. Qf4 0-0-0 11. Bc4 e5 12. Bxd5 exf4 13. Bxf7 Bg4 14. 0-0-0 Bxf3 15. gxf3 Ne5 16. Be6+ Kb8 17. Kc2 Nd3 18. Rhf1 Rhf8 19. b3 c5 20. Bc4 Ne5 21. Be2 Bh6 22. Rg1 b5 23. Bxb5 Nxf3 24. Rg4 Rxd2+ 25. Rxd2 Nxd2 26. Kxd2 f3+ 27. Kd3 Bf4 28. h3 Kc7 29. Ke4 Bd2 30. c4 Be1 31. Ke3 Rf7 32. Re4 Kd6 33. Be8 Re7 34. Rxe7 Kxe7 35. Bh5 Kf6 36. Bxf3 h6 37. Bd5 Bc3 38. Ke4 Bd2 39. f4 a5 40. Bb7 Bb4 41. Bc8 Bd2 42. Kd5 Bb4 43. Kc6 Ba3 44. Kb5 Bb4 45. Ka4 Bd2 46. f5 Ke7 47. a3 Bc3 48. Kb5 Kd6 49. f6 Bxf6 50. Kxa5 Kc7 51. Be6 Kd6 52. Bd5 Bc3+ 53. Kb6 Bd4 54. a4 1-0

[Event "Coventry op 1st"]
[Site "Coventry"]
[Date "2004.04.18"]
[Round "5"]
[White "Forman, Karl"]
[Black "Pemberton, Clive H"]
[Result "0-1"]
[WhiteElo "2028"]
[BlackElo "1520"]
[PlyCount "104"]
[EventDate "2004.04.16"]
[EventType "swiss"]
[EventRounds "5"]
[EventCountry "ENG"]
[SourceTitle "CBM 099 Extra"]
[Source "ChessBase"]
[SourceDate "2004.05.04"]
[SourceVersion "1"]
[SourceVersionDate "2004.05.04"]
[SourceQuality "1"]

1. e4 c5 2. d4 cxd4 3. c3 Nf6 4. e5 Nd5 5. cxd4 d6 6. Nf3 dxe5 7. dxe5 e6 8. Bb5+ Bd7 9. Bxd7+ Nxd7 10. 0-0 Bc5 11. Qb3 Qc7 12. Nc3 Nxc3 13. Qxc3 0-0 14. Be3 Rac8 15. Rac1 Qb6 16. Bxc5 Rxc5 17. Qd4 Rxc1 18. Rxc1 Qxd4 19. Nxd4 Nxe5 20. Rc7 Rd8 21. f4 Ng6 22. f5 Rxd4 23. fxg6 hxg6 24. Rxb7 a5 25. Kf2 Rd2+ 26. Kf3 f5 27. Ra7 Rxb2 28. Rxa5 Kf7 29. h4 Kf6 30. a4 Rb4 31. g3 g5 32. hxg5+ Kxg5 33. Ra8 e5 34. a5 e4+ 35. Kf2 Ra4 36. a6 Kg4 37. a7 g5 38. Ke2 Ra3 39. Kf2 Ra2+ 40. Ke3 Kxg3 41. Rg8 Ra3+ 42. Ke2 Rxa7 43. Rxg5+ Kf4 44. Rg8 Ra2+ 45. Ke1 Ke3 46. Rg3+ Kf4 47. Rg8 Kf3 48. Rf8 f4 49. Re8 e3 50. Kd1 Ra1+ 51. Kc2 e2 52. Kd2 Rd1+ 0-1

[Event "BCF-chT4 0304 (4NCL)"]
[Site "West Bromwich "]
[Date "2004.01.25"]
[Round "4.3"]
[White "Coleman, James"]
[Black "Forman, Karl"]
[Result "1-0"]
[WhiteElo "2193"]
[BlackElo "2028"]
[PlyCount "97"]
[EventDate "2003.10.??"]
[EventType "team-tourn"]
[EventRounds "11"]
[EventCountry "ENG"]
[SourceTitle "EXT 2005"]
[Source "ChessBase"]
[SourceDate "2004.11.15"]
[SourceVersion "1"]
[SourceVersionDate "2004.11.15"]
[SourceQuality "1"]
[WhiteTeam "Oxford"]
[BlackTeam "Hilsmark Kingfisher II"]
[WhiteTeamCountry "ENG"]
[BlackTeamCountry "ENG"]

1. d4 Nf6 2. Bg5 g6 3. Bxf6 exf6 4. c4 Bg7 5. Nc3 f5 6. e3 d6 7. Nge2 0-0 8. g3 Nd7 9. Bg2 Nf6 10. 0-0 Re8 11. Qd3 c6 12. b4 Qe7 13. a4 Ne4 14. b5 h5 15. h4 Bd7 16. Rab1 Bh6 17. Nf4 g5 18. hxg5 Qxg5 19. Bxe4 fxe4 20. Nxe4 Rxe4 21. Qxe4 h4 22. Qf3 Bg4 23. Qg2 hxg3 24. Qxg3 Kh7 25. f3 Bf5 26. Qxg5 Bxg5 27. Rb2 Rg8 28. Rh2+ Kg7 29. Kf2 Re8 30. Rg1 f6 31. Nh3 Rh8 32. f4 Rxh3 33. Rxh3 Bxh3 34. fxg5 fxg5 35. Rxg5+ Kf6 36. Rh5 Bf5 37. Rh6+ Ke7 38. Ke2 Bg4+ 39. Kd3 Bf5+ 40. e4 Be6 41. d5 cxd5 42. cxd5 Bc8 43. Rh7+ Kd8 44. Kd4 Bd7 45. e5 dxe5+ 46. Kxe5 a6 47. Kd6 Be8 48. Rxb7 axb5 49. Rb8# 1-0

[Event "BCF-chT4 0304 (4NCL)"]
[Site "West Bromwich "]
[Date "2003.11.22"]
[Round "1.4"]
[White "Somerfield, Adrian P"]
[Black "Forman, Karl"]
[Result "0-1"]
[WhiteElo "1480"]
[BlackElo "2028"]
[PlyCount "114"]
[EventDate "2003.10.??"]
[EventType "team-tourn"]
[EventRounds "11"]
[EventCountry "ENG"]
[SourceTitle "EXT 2005"]
[Source "ChessBase"]
[SourceDate "2004.11.15"]
[SourceVersion "1"]
[SourceVersionDate "2004.11.15"]
[SourceQuality "1"]
[WhiteTeam "The ADS III"]
[BlackTeam "Hilsmark Kingfisher II"]
[WhiteTeamCountry "ENG"]
[BlackTeamCountry "ENG"]

1. e4 e6 2. d4 d5 3. Nc3 Bb4 4. e5 c5 5. a3 Bxc3+ 6. bxc3 Ne7 7. f4 Nbc6 8. Nf3 Qa5 9. Bd2 Qa4 10. Be3 Nf5 11. Bf2 Bd7 12. g4 Nh6 13. h3 Rc8 14. Bd3 Ne7 15. 0-0 cxd4 16. cxd4 Bb5 17. Bxb5+ Qxb5 18. Qd2 Rc4 19. Rfc1 Qc6 20. Rab1 b6 21. Rb4 Rc3 22. Rb3 Rc4 23. Rb4 f5 24. g5 Nf7 25. Kh2 h6 26. Rb3 hxg5 27. fxg5 f4 28. c3 0-0 29. Qd3 Nf5 30. Qd2 Nh8 31. Qd3 Rc8 32. Qd2 Qa4 33. Qb2 Ng6 34. Rb4 Qc6 35. Rb3 Kf7 36. Qd2 Rh8 37. Qe1 Qa4 38. Rcb1 Qe8 39. Qe2 Rh5 40. Kg2 Qh8 41. Rh1 Ngh4+ 42. Bxh4 Nxh4+ 43. Kg1 Nxf3+ 44. Qxf3 Rxg5+ 45. Kf1 Qh4 46. Rg1 Rxg1+ 47. Kxg1 Qe1+ 48. Kg2 Qd2+ 49. Qf2 Qxf2+ 50. Kxf2 Kg6 51. Ke2 Kh5 52. Kd3 Kh4 53. Rb1 Kxh3 54. Rg1 Rc7 55. Rg6 f3 56. Rg1 Kh2 57. Rg4 Rf7 0-1

[Event "BCF-chT4 0203 (4NCL)"]
[Site "Telford"]
[Date "2003.01.19"]
[Round "4.6"]
[White "Roberts, Colin J"]
[Black "Forman, Karl"]
[Result "1/2-1/2"]
[WhiteElo "1608"]
[BlackElo "2036"]
[PlyCount "52"]
[EventDate "2002.11.??"]
[EventType "team"]
[EventRounds "7"]
[EventCountry "ENG"]
[SourceTitle "EXT 2004"]
[Source "ChessBase"]
[SourceDate "2003.11.25"]
[SourceVersion "1"]
[SourceVersionDate "2003.11.25"]
[SourceQuality "1"]
[WhiteTeam "The ADS III"]
[BlackTeam "Hilsmark Kingfisher"]
[WhiteTeamCountry "ENG"]
[BlackTeamCountry "ENG"]

1. e4 Nf6 2. e5 Nd5 3. d4 d6 4. Nf3 Bg4 5. exd6 cxd6 6. Be2 Nc6 7. c4 Nb6 8. d5 Bxf3 9. Bxf3 Ne5 10. b3 g6 11. Bb2 Bg7 12. Nc3 0-0 13. 0-0 e6 14. Rb1 Qe7 15. Be2 exd5 16. Nxd5 Nxd5 17. Qxd5 Rac8 18. f4 Nc6 19. Bxg7 Kxg7 20. Qd2 Rfe8 21. Bf3 Qf6 22. Qb2 Nd4 23. Qd2 Re7 24. Rbd1 Nxf3+ 25. Rxf3 Rce8 26. Rf2 a6 1/2-1/2

[Event "Southend op"]
[Site "London"]
[Date "1999.04.04"]
[Round "6"]
[White "Forman, Karl"]
[Black "Sugden, John N"]
[Result "0-1"]
[WhiteElo "2035"]
[BlackElo "2252"]
[PlyCount "80"]
[EventDate "1999.04.02"]
[EventType "swiss"]
[EventRounds "7"]
[EventCountry "ENG"]
[SourceTitle "EXT 2002"]
[Source "ChessBase"]
[SourceDate "2001.11.25"]
[SourceVersion "1"]
[SourceVersionDate "2001.11.25"]
[SourceQuality "1"]

1. e4 c5 2. d4 cxd4 3. c3 Nf6 4. e5 Nd5 5. cxd4 d6 6. Nf3 Nc6 7. Bc4 Nb6 8. Bxf7+ Kxf7 9. Ng5+ Kg8 10. e6 Qe8 11. Nc3 Nd8 12. d5 h6 13. Nf3 Nxe6 14. dxe6 Bxe6 15. 0-0 Bf7 16. Re1 e5 17. a4 Be7 18. a5 Nc8 19. Be3 Kh7 20. Nd5 Bd8 21. Qc2+ Bg6 22. Qd2 Rf8 23. Rac1 Qf7 24. Rc4 Ne7 25. Nxe7 Qxe7 26. Rec1 Qe6 27. Nh4 Bf7 28. h3 d5 29. Rg4 Bh5 30. Qc2+ e4 31. Rxg7+ Kxg7 32. Bd4+ Kh7 33. g3 Bxh4 34. gxh4 Qxh3 35. Qc7+ Rf7 36. Qg3 Rg8 37. Rc3 Rxg3+ 38. Rxg3 Qxh4 39. Bxa7 Bf3 40. Rxf3 exf3 0-1

[Event "Southend op"]
[Site "London"]
[Date "1999.04.03"]
[Round "4"]
[White "Forman, Karl"]
[Black "Milligan, Helen"]
[Result "1-0"]
[WhiteElo "2035"]
[BlackElo "2054"]
[PlyCount "65"]
[EventDate "1999.04.02"]
[EventType "swiss"]
[EventRounds "7"]
[EventCountry "ENG"]
[SourceTitle "EXT 2002"]
[Source "ChessBase"]
[SourceDate "2001.11.25"]
[SourceVersion "1"]
[SourceVersionDate "2001.11.25"]
[SourceQuality "1"]

1. e4 e6 2. d4 d5 3. Nc3 Bb4 4. e5 c5 5. a3 Bxc3+ 6. bxc3 Qc7 7. Qg4 f5 8. Qg3 Nc6 9. Bb5 g6 10. Nf3 Qa5 11. Bxc6+ bxc6 12. 0-0 Ba6 13. Re1 Qxc3 14. Bd2 Qxc2 15. Rac1 Qa4 16. Rxc5 Bb5 17. Qh4 Kd7 18. Ng5 h6 19. Nf7 Rh7 20. Nd6 Rb8 21. Rec1 Ne7 22. Qf4 Qxa3 23. R5c3 Qa6 24. Qe3 Qb6 25. Rc5 a6 26. Qa3 Rhh8 27. Ba5 Qa7 28. Nxb5 axb5 29. Rxc6 Nxc6 30. Qd6+ Ke8 31. Rxc6 Rh7 32. Qxe6+ Qe7 33. Qg8+ 1-0

[Event "Southend op"]
[Site "London"]
[Date "1998.04.13"]
[Round "7"]
[White "Sutton, Melvin N"]
[Black "Forman, Karl"]
[Result "1/2-1/2"]
[WhiteElo "1552"]
[BlackElo "1832"]
[PlyCount "76"]
[EventDate "1998.04.10"]
[EventType "swiss"]
[EventRounds "7"]
[EventCountry "ENG"]
[SourceTitle "EXT 2001"]
[Source "ChessBase"]
[SourceDate "2000.11.22"]
[SourceVersion "1"]
[SourceVersionDate "2000.11.22"]
[SourceQuality "1"]

1. d4 Nf6 2. Bg5 e6 3. c4 h6 4. Bh4 d5 5. Nc3 Bb4 6. e3 Nc6 7. Bd3 dxc4 8. Bxc4 g5 9. Bg3 Ne4 10. Nge2 Qe7 11. a3 Nxg3 12. Nxg3 Bxc3+ 13. bxc3 Bd7 14. Bd3 0-0-0 15. 0-0 f5 16. Qb3 Kb8 17. c4 Bc8 18. c5 Ka8 19. Rab1 h5 20. Ne2 h4 21. Bb5 Nb8 22. c6 b6 23. a4 f4 24. Rfc1 a5 25. Bd3 Na6 26. Nc3 Nb4 27. Be4 fxe3 28. fxe3 Rhf8 29. Nb5 Kb8 30. Na3 Ba6 31. Nc4 Ka7 32. Ne5 Qf6 33. Bf3 Qf5 34. h3 Rd6 35. Nc4 Rdd8 36. Ne5 Rd6 37. Nc4 Rdd8 38. Ne5 Rd6 1/2-1/2

[Event "Southend op"]
[Site "London"]
[Date "1998.04.12"]
[Round "6"]
[White "Forman, Karl"]
[Black "Hall, David E"]
[Result "0-1"]
[WhiteElo "1832"]
[BlackElo "1904"]
[PlyCount "76"]
[EventDate "1998.04.10"]
[EventType "swiss"]
[EventRounds "7"]
[EventCountry "ENG"]
[SourceTitle "EXT 2001"]
[Source "ChessBase"]
[SourceDate "2000.11.22"]
[SourceVersion "1"]
[SourceVersionDate "2000.11.22"]
[SourceQuality "1"]

1. e4 e6 2. d4 d5 3. Nc3 Nf6 4. e5 Nfd7 5. Nce2 c5 6. c3 Nc6 7. f4 cxd4 8. cxd4 f5 9. Nc3 Be7 10. Nf3 0-0 11. Ng5 Nb6 12. Qh5 h6 13. h4 Qe8 14. Qxe8 Rxe8 15. Nf3 Bd7 16. Nb5 Rec8 17. Nd6 Bxd6 18. exd6 Nb4 19. Kf2 Rc2+ 20. Kg3 Rac8 21. a3 Rxc1 22. Rxc1 Rxc1 23. axb4 Kf8 24. Ne5 Ke8 25. Kh2 a6 26. Nd3 Rc2 27. Nc5 Nc4 28. Nxb7 Rxb2 29. Bxc4 dxc4 30. Re1 Rd2 31. Ra1 c3 32. Rxa6 c2 33. Nc5 c1Q 34. Ra8+ Kf7 35. Nxd7 Rxg2+ 36. Kxg2 Qc6+ 37. Kg3 Qxa8 38. Ne5+ Ke8 0-1

[Event "Southend op"]
[Site "London"]
[Date "1998.04.11"]
[Round "4"]
[White "Forman, Karl"]
[Black "Walker, Ellen"]
[Result "1-0"]
[WhiteElo "1832"]
[BlackElo "1536"]
[PlyCount "53"]
[EventDate "1998.04.10"]
[EventType "swiss"]
[EventRounds "7"]
[EventCountry "ENG"]
[SourceTitle "EXT 2001"]
[Source "ChessBase"]
[SourceDate "2000.11.22"]
[SourceVersion "1"]
[SourceVersionDate "2000.11.22"]
[SourceQuality "1"]

1. e4 e5 2. f4 exf4 3. Nf3 Nc6 4. Bc4 Bc5 5. d4 Bb6 6. Bxf4 d6 7. 0-0 Nf6 8. Kh1 0-0 9. Nc3 Bg4 10. Be3 Re8 11. Qd2 Nxe4 12. Bxf7+ Kxf7 13. Nxe4 Kg8 14. Ng3 Qe7 15. Rae1 Bxf3 16. gxf3 Qh4 17. c3 Re6 18. Bg5 Qh3 19. Rxe6 Qxe6 20. d5 Qh3 21. dxc6 bxc6 22. Be3 h5 23. Bxb6 axb6 24. Qe2 h4 25. Ne4 Rxa2 26. Ng5 Qd7 27. Qc4+ 1-0